000 00629nam a22001697a 4500
005 2012040305555.0
020 _c225.00
_a8177210726
035 _aB-185531
037 _b
_adpl
082 _a330
100 _aपीपाड़ा, दिलीप
_944709
245 1 _a1000 अर्थशास्त्र प्रश्नोत्री /
_cदिलीप पीपाड़ा
260 _aदिल्ली
_bसत्साहित्य प्रकाशन
_c2005
270 _a
_b
_e
_k
300 _a183पृ.
_c22सेमी (सजिल्द)
942 _adpl
_cHN
_k
_2ddc
_h330
_mपीपाड़ा
999 _c64630
_d64630